Pollution prevention : fundamentals and practice /
Sparad:
| Huvudupphovsman: | |
|---|---|
| Materialtyp: | Sách giấy |
| Publicerad: |
Boston :
McGraw-Hill,
c2000.
|
| Ämnen: | |
| Länkar: | Table of contents Publisher description |
| Taggar: |
Lägg till en tagg
Inga taggar, Lägg till första taggen!
|
| Thư viện lưu trữ: | Thư viện Trường Đại học Đà Lạt |
|---|
| LEADER | 01085nam a2200361 4500 | ||
|---|---|---|---|
| 001 | DLU030021945 | ||
| 005 | ##20020910201559.0 | ||
| 008 | ##990514s2000 maua 001 0 eng | ||
| 010 | # | # | |a 99016020 |
| 020 | # | # | |a 0073661473 |
| 035 | # | # | |9 (DLC) 99016020 |
| 040 | # | # | |a DLC |c DLC |d DLC |
| 042 | # | # | |a pcc |
| 050 | # | # | |a TD897 |b .B49 2000 |
| 082 | # | # | |a 628.51 |b BI-P |
| 100 | # | # | |a Bishop, Paul L. |
| 245 | # | # | |a Pollution prevention : |b fundamentals and practice / |c Paul L. Bishop. |
| 260 | # | # | |a Boston : |b McGraw-Hill, |c c2000. |
| 300 | # | # | |a xvii, 699 p. : |b ill. ; |c 25 cm. |
| 500 | # | # | |a Includes index. |
| 650 | # | # | |a Factory and trade waste |x Management. |
| 650 | # | # | |a Pollution prevention. |
| 856 | # | # | |3 Table of contents |u http://www.loc.gov/catdir/toc/mh023/99016020.html |
| 856 | # | # | |3 Publisher description |u http://www.loc.gov/catdir/description/mh023/99016020.html |
| 992 | # | # | |a 106.65 |
| 994 | # | # | |a DLU |
| 900 | # | # | |a True |
| 911 | # | # | |a Phan Ngọc Đông |
| 925 | # | # | |a G |
| 926 | # | # | |a A |
| 927 | # | # | |a SH |
| 980 | # | # | |a Thư viện Trường Đại học Đà Lạt |


